| 000 | 01084nam a2200229Ia 4500 | ||
|---|---|---|---|
| 999 |
_c49182 _d49182 |
||
| 001 | 16093 | ||
| 003 | GE_BSU | ||
| 005 | 20231018145904.0 | ||
| 008 | 181216s2009||||ge |||||||||||||| ||geo|| | ||
| 020 | _a9789941131233 | ||
| 040 | _cGE_BSU | ||
| 041 | _ageo | ||
| 100 |
_aსუპატაშვილი, გურამ _920102 |
||
| 245 |
_aგარემოს ქიმია : _b(ეკოქიმია) / _cგურამ სუპატაშვილი ; [რედ. ნინო თაყაიშვილი] ; ივანე ჯავახიშვილის სახ. თსუ. |
||
| 264 |
_aთბილისი : _bთბილ. უნ-ტის გამ-ბა, _c2009. |
||
| 300 |
_a188გვ. ; _b20სმ |
||
| 300 | _eცნებები და ტერმინები: გვ. 172-185. - ბიბლიოგრ.: გვ. 186-187 | ||
| 653 | _aგარემოს ქიმია | ||
| 653 | _aეკოქიმია | ||
| 700 |
_4თაყაიშვილი, ნინო _eრედაქტორი _920103 |
||
| 942 |
_cBK _2udc |
||